Commercial Contracts: (Record no. 613025)
[ view plain ]
| 000 -LEADER | |
|---|---|
| fixed length control field | 00427nam a22001337a 4500 |
| 020 ## - INTERNATIONAL STANDARD BOOK NUMBER | |
| International Standard Book Number | 1855732505 |
| 082 ## - DEWEY DECIMAL CLASSIFICATION NUMBER | |
| Classification number | 346.4202 |
| Author Mark | BAI |
| 100 ## - MAIN ENTRY--PERSONAL NAME | |
| Personal name | Bailey JCL and CP Thorpe |
| 245 ## - TITLE STATEMENT | |
| Title | Commercial Contracts: |
| Remainder of title | A Practical guide to deals, contracts, agreements and promises/ |
| Statement of responsibility, etc. | CP Thorpe and Bailey JCL |
| 260 ## - PUBLICATION, DISTRIBUTION, ETC. | |
| Place of publication, distribution, etc. | England, |
| Name of publisher, distributor, etc. | Woodhead Publishing Limited, |
| Date of publication, distribution, etc. | N.A |
| 300 ## - PHYSICAL DESCRIPTION | |
| Extent | 262,p. |
| 650 ## - SUBJECT ADDED ENTRY--TOPICAL TERM | |
| Topical term or geographic name entry element | Law |
| 942 ## - ADDED ENTRY ELEMENTS (KOHA) | |
| Source of classification or shelving scheme | |
| Koha item type | Book |
| 650 ## - SUBJECT ADDED ENTRY--TOPICAL TERM | |
| -- | 35302 |
| Withdrawn status | Lost status | Source of classification or shelving scheme | Damaged status | Not for loan | Permanent Location | Current Location | Date acquired | Total Checkouts | Full call number | Barcode | Date last seen | Price effective from | Koha item type | Source of acquisition |
|---|---|---|---|---|---|---|---|---|---|---|---|---|---|---|
| NUST Law School (NLS) | NUST Law School (NLS) | 02/28/2025 | 346.4202 BAI | NLS-183 | 02/28/2025 | 02/28/2025 | Book | |||||||
| NUST Law School (NLS) | NUST Law School (NLS) | 02/28/2025 | 346.4202 BAI | NLS-184 | 02/28/2025 | 02/28/2025 | Book | |||||||
| NUST Law School (NLS) | NUST Law School (NLS) | 02/28/2025 | 346.4202 BAI | NLS-185 | 02/28/2025 | 02/28/2025 | Book | |||||||
| NUST Law School (NLS) | NUST Law School (NLS) | 06/27/2025 | 346.4202 BAI | NLS-2306 | 06/27/2025 | 06/27/2025 | Book | Allied Book Company | ||||||
| NUST Law School (NLS) | NUST Law School (NLS) | 06/27/2025 | 346.4202 BAI | NLS-2307 | 06/27/2025 | 06/27/2025 | Book | Allied Book Company | ||||||
| NUST Law School (NLS) | NUST Law School (NLS) | 06/27/2025 | 346.4202 BAI | NLS-2308 | 06/27/2025 | 06/27/2025 | Book | Allied Book Company |
